Statistics for Guess The Countries flags

Click here to take the quiz!

General Stats

  • This quiz has been taken 14 times
  • The average score is 67 of 129

Answer Stats

Answer% Correct
Albania
100%
Argentina
100%
Australia
92%
Brazil
92%
China
92%
Croatia
83%
Cyprus
83%
Denmark
83%
Germany
83%
Japan
83%
Afghanistan
75%
Algeria
75%
Austria
75%
Chile
75%
France
75%
India
75%
Ireland
75%
Israel
75%
Italy
75%
Jamaica
75%
South Korea
75%
Bangladesh
67%
Bulgaria
67%
Cambodia
67%
Cameroon
67%
Chad
67%
Cuba
67%
Egypt
67%
Finland
67%
New Zealand
67%
Nigeria
67%
North Korea
67%
South Africa
67%
Spain
67%
Sweden
67%
Switzerland
67%
Turkey
67%
United Kingdom
67%
United States of America
67%
Armenia
58%
Bahrain
58%
Czech Republic
58%
Fiji
58%
Ghana
58%
Indonesia
58%
Iran
58%
Ivory Coast
58%
Kenya
58%
Nepal
58%
Pakistan
58%
Poland
58%
Portugal
58%
Russia
58%
Saudi Arabia
58%
Azerbaijan
50%
Belgium
50%
Democratic Republic of the Congo
50%
Estonia
50%
Gabon
50%
Hong Kong
50%
Iraq
50%
Kazakhstan
50%
Liberia
50%
Netherlands
50%
Niger
50%
Norway
50%
Palau
50%
Qatar
50%
Serbia
50%
Singapore
50%
Ukraine
50%
Vietnam
50%
Ethiopia
42%
Honduras
42%
Kosovo
42%
Kuwait
42%
Mongolia
42%
North Macedonia
42%
Senegal
42%
Sudan
42%
Taiwan
42%
Tanzania
42%
Tunisia
42%
Turkmenistan
42%
Tuvalu
42%
Uruguay
42%
Vatican City
42%
Wales
42%
Yemen
42%
Zambia
42%
Zimbabwe
42%
Benin
33%
Dominica
33%
Dominican Republic
33%
Ecuador
33%
Equatorial Guinea
33%
Federated States of Micronesia
33%
Gambia
33%
Guinea
33%
Guinea Bissau
33%
Guyana
33%
Haiti
33%
Iceland
33%
Kyrgyzstan
33%
Libya
33%
Marshall Islands
33%
Mauritania
33%
Nauru
33%
Nicaragua
33%
Oman
33%
Paraguay
33%
Puerto Rico
33%
Republic of the Congo
33%
Saint Kitts and Nevis
33%
Scotland
33%
Solomon Islands
33%
South Sudan
33%
Suriname
33%
Tajikistan
33%
Togo
33%
Tonga
33%
Uzbekistan
33%
Greenland
25%
Jordan
25%
Mauritius
25%
Namibia
25%
Samoa
25%
American Samoa
17%
Papau New Guinea
8%

Score Distribution

Percentile by Number Answered

Percent of People with Each Score

Your Score History

You have not taken this quiz